|
|
|
|
| LEADER |
01272nam a22003377a 4500 |
| 001 |
37642 |
| 003 |
BD-DhAAL |
| 005 |
20220202161856.0 |
| 008 |
220202t1998 njua 000 0 eng d |
| 999 |
|
|
|c 43446
|d 43446
|
| 010 |
|
|
|a 97021726
|
| 020 |
|
|
|a 0135691206
|
| 020 |
|
|
|a 9780135691205
|
| 040 |
|
|
|a DLC
|c DLC
|d DLC
|d BD-DhAAL
|
| 043 |
|
|
|a n-us---
|
| 050 |
0 |
0 |
|a LB1027.55
|b .J33 1998
|
| 082 |
0 |
0 |
|a 370.15
|2 21
|
| 100 |
1 |
|
|a McGuire, Dinah Jackson.
|9 45372
|
| 245 |
1 |
0 |
|a Case studies :
|b applying educational psychology /
|c Dinah L. Jackson, Jeanne Ellis Ormrod.
|
| 246 |
3 |
0 |
|a Applying educational psychology
|
| 260 |
|
|
|a Upper Saddle River, N.J. :
|b Merrill,
|c c1998.
|
| 300 |
|
|
|a viii, 142 pages :
|b illustrations ;
|c 23 cm.
|
| 526 |
|
|
|a BIED
|
| 541 |
|
|
|a Complimentary copy from BIED
|e 37642
|
| 650 |
|
0 |
|a School psychology
|z United States
|x Case studies.
|9 45373
|
| 650 |
|
0 |
|a Educational psychology
|x Case studies.
|9 45374
|
| 650 |
|
0 |
|a Education.
|9 45376
|
| 700 |
1 |
|
|a Ormrod, Jeanne Ellis.
|9 45375
|
| 852 |
|
|
|a Ayesha Abed Library
|c General Stacks
|
| 942 |
|
|
|2 ddc
|c BK
|
| 952 |
|
|
|0 0
|1 0
|2 ddc
|4 0
|6 370_150000000000000_MCG
|7 0
|9 69712
|a BRACUL
|b BRACUL
|c GEN
|d 2022-02-02
|e Complimentary copy from BIED
|l 1
|m 13
|o 370.15 MCG
|p 3010037642
|r 2024-09-04
|s 2024-06-27
|t 1
|w 2022-02-02
|y BK
|